|
|
|
|
| LEADER |
00000cam a2200000 i 4500 |
| 001 |
1/8595 |
| 008 |
100621r20092008gr | ||| |||| ||gre|| |
| 020 |
|
|
|a 9789604352005 (τ.1)
|
| 020 |
|
|
|a 9789604352241 (τ.2)
|
| 035 |
|
|
|l 10108314
|
| 040 |
|
|
|a GR-MyUA
|b gre
|e AACR2
|
| 041 |
1 |
|
|a gre
|h eng
|
| 082 |
0 |
|
|a 303.3
|2 (22)
|
| 100 |
1 |
|
|a Mann, Michael,
|d 1942-
|
| 245 |
1 |
3 |
|a Οι πηγές της κοινωνικής εξουσίας /
|c Michael Mann ; μετάφραση Γιώργος Καράμπελας ; επιμέλεια Αλέξανδρος Κιουπκιόλης ; επίμετρο Μανούσος Μαραγκουδάκης.
|
| 260 |
|
|
|a Αθήνα :
|b Πόλις,
|c 2009, c2008.
|
| 300 |
|
|
|a 2 τ. (τ.1: 747 σ., τ.2: 1037 σ.) :
|b πίν. ;
|c 24 εκ.
|
| 500 |
|
|
|a Το Παράρτημα Λέσβου διαθέτει την 2η ανατύπωση του 2009
|
| 500 |
|
|
|a Τίτλος πρωτοτύπου: The sources of social power.
|
| 504 |
|
|
|a Περιέχει βιβλιογραφικές παραπομπές.
|
| 505 |
0 |
|
|a Τ. 1. Μια ιστορία εξουσίας από τις αρχές ώς το 1760 μ.Χ. -- τ. 2. Η ανάπτυξη των τάσεων και των εθνών-κρατών 1760-1914.
|
| 650 |
0 |
0 |
|a Social history.
|
| 650 |
0 |
0 |
|a Power (Social sciences)
|
| 700 |
1 |
|
|a Καράμπελας, Γιώργος,
|e trl
|
| 700 |
1 |
|
|a Κιουπκιολής, Αλέξανδρος,
|e edt
|
| 700 |
1 |
|
|a Μαραγκουδάκης, Μανούσος Ε.
|e oth
|
| 852 |
|
|
|a INST
|b LESVOS
|e 20100621
|h 303.3 MAN
|p 005100048027
|q 005100048027
|t BK
|y 0
|z τ.1
|
| 852 |
|
|
|a INST
|b LESVOS
|e 20100621
|h 303.3 MAN
|p 005100048028
|q 005100048028
|t BK
|y 0
|z τ.1
|
| 852 |
|
|
|a INST
|b LESVOS
|e 20100621
|h 303.3 MAN
|p 005100048029
|q 005100048029
|t BK
|y 0
|z τ.1
|
| 852 |
|
|
|a INST
|b LESVOS
|e 20100621
|h 303.3 MAN
|p 005100048030
|q 005100048030
|t BK
|y 0
|z τ.1
|
| 852 |
|
|
|a INST
|b LESVOS
|e 20100621
|h 303.3 MAN
|p 005100048031
|q 005100048031
|t BK
|y 0
|z τ.1
|
| 852 |
|
|
|a INST
|b LESVOS
|e 20100624
|h 303.3 MAN
|p 005100048040
|q 005100048040
|t BK
|y 0
|z τ.2
|
| 852 |
|
|
|a INST
|b LESVOS
|e 20100624
|h 303.3 MAN
|p 005100048041
|q 005100048041
|t BK
|y 4
|x 20190715
|z τ.2
|
| 852 |
|
|
|a INST
|b LESVOS
|e 20100624
|h 303.3 MAN
|p 005100048042
|q 005100048042
|t BK
|y 0
|z τ.2
|
| 852 |
|
|
|a INST
|b LESVOS
|e 20100624
|h 303.3 MAN
|p 005100048043
|q 005100048043
|t BK
|y 0
|z τ.2
|
| 852 |
|
|
|a INST
|b LESVOS
|e 20100624
|h 303.3 MAN
|p 005100048044
|q 005100048044
|t BK
|y 0
|z τ.2
|
| 852 |
|
|
|a INST
|b LESVOS
|e 20100621
|h 303.3 MAN
|p 005100048027
|q 005100048027
|t BK
|v τ.1:
|y 0
|z τ.1
|
| 852 |
|
|
|a INST
|b LESVOS
|e 20100621
|h 303.3 MAN
|p 005100048028
|q 005100048028
|t BK
|v τ.1:
|y 0
|z τ.1
|
| 852 |
|
|
|a INST
|b LESVOS
|e 20100621
|h 303.3 MAN
|p 005100048029
|q 005100048029
|t BK
|v τ.1:
|y 0
|z τ.1
|
| 852 |
|
|
|a INST
|b LESVOS
|e 20100621
|h 303.3 MAN
|p 005100048030
|q 005100048030
|t BK
|v τ.1:
|y 0
|z τ.1
|
| 852 |
|
|
|a INST
|b LESVOS
|e 20100621
|h 303.3 MAN
|p 005100048031
|q 005100048031
|t BK
|v τ.1:
|y 0
|z τ.1
|
| 852 |
|
|
|a INST
|b LESVOS
|e 20100624
|h 303.3 MAN
|p 005100048040
|q 005100048040
|t BK
|v τ.2:
|y 0
|z τ.2
|
| 852 |
|
|
|a INST
|b LESVOS
|e 20100624
|h 303.3 MAN
|p 005100048041
|q 005100048041
|t BK
|v τ.2:
|y 4
|x 20190715
|z τ.2
|
| 852 |
|
|
|a INST
|b LESVOS
|e 20100624
|h 303.3 MAN
|p 005100048042
|q 005100048042
|t BK
|v τ.2:
|y 0
|z τ.2
|
| 852 |
|
|
|a INST
|b LESVOS
|e 20100624
|h 303.3 MAN
|p 005100048043
|q 005100048043
|t BK
|v τ.2:
|y 0
|z τ.2
|
| 852 |
|
|
|a INST
|b LESVOS
|e 20100624
|h 303.3 MAN
|p 005100048044
|q 005100048044
|t BK
|v τ.2:
|y 0
|z τ.2
|
| 853 |
|
|
|a INST
|b LESVOS
|h 303.3 MAN
|
| 901 |
|
|
|a BIBL1-2010-2
|
| 970 |
|
|
|a ΚΑΡΑ
|b ΓΙΑΣΕΜΗ
|z 2010/06/21
|